Who Said It? Tate, Hitler, Trump, or Kanye? - Statistics

General Stats
  • This quiz has been taken 22,169 times
  • The average score is 8 of 15
Answer Stats
Question Answer % Correct
"I have a great relationship with African Americans." Donald Trump
92%
"I think the women belong to the man." Andrew Tate
86%
"I don’t sleep with vaccinated women" Andrew Tate
82%
"I will not administer CPR unless you’re a hot female." Andrew Tate
76%
"I don't like or trust any jewish person!" Kanye West
65%
Let me control the textbooks, and I will control the state Adolf Hitler
62%
"The holocaust is the solution to the Jews." Adolf Hitler
59%
"My IQ is one of the highest - and you all know it!" Donald Trump
53%
"Well, if I ever ran for office, I'd do better as a Democrat than as a Republican." Donald Trump
44%
"What luck, for governments, that the people are stupid!" Adolf Hitler
43%
"I want you to visit Planned Parenthood, that’s our Holocaust Museum." Kanye West
39%
"I gotta get the Jewish business people to make their contracts fair." Kanye West
38%
"Who says I am not under the special protection of God?" Adolf Hitler
29%
"The concept of shaking hands is absolutely terrible, and statistically I've been proven right." Donald Trump
27%
"The virus isn’t real. There is a virus, yes. Is it deadly? No." Andrew Tate
14%
No matching quizzes found
Score Distribution
Percent of People with Each Score
Percentile by Number Answered
Your Score History
You have not taken this quiz